Antología de poetas andaluces / (Record no. 24861)

MARC details
000 -LEADER
campo de control de longitud fija 00568nam a2200181 i 4500
001 - NÚMERO DE CONTROL
campo de control 24861
003 - IDENTIFICADOR DE NÚMERO DE CONTROL
campo de control ES-MaACL
005 - FECHA Y HORA DE LA ÚLTIMA TRANSACCIÓN
campo de control 20260103140402.0
007 - CAMPO FIJO DE DESCRIPCIÓN FÍSICA--INFORMACIÓN GENERAL
campo de control de longitud fija t|
008 - DATOS DE LONGITUD FIJA--INFORMACIÓN GENERAL
campo de control de longitud fija 021219s1914 sp ||||1| spa d
245 00 - MENCIÓN DEL TÍTULO
Título Antología de poetas andaluces /
Mención de responsabilidad, etc. por Bruno Portillo y Enrique Vázquez Aldana.
260 ## - PUBLICACIÓN, DISTRIBUCIÓN, ETC.
Lugar de publicación, distribución, etc. Huescar :
Nombre del editor, distribuidor, etc. [s.n.,
Fecha de publicación, distribución, etc. 1914] (
Fabricante Rodríguez García)
300 ## - DESCRIPCIÓN FÍSICA
Extensión 341 p. ;
Dimensiones 21 cm.
700 1# - ENTRADA AGREGADA--NOMBRE PERSONAL
Nombre de persona Portillo y Portillo, Bruno,
Fechas asociadas al nombre 1855-1935
9 (RLIN) 93273
700 1# - ENTRADA AGREGADA--NOMBRE PERSONAL
Nombre de persona Vázquez de Aldana, Enrique.
9 (RLIN) 113411
852 ## - LOCALIZACIÓN
Ubicación ES-MaACL
Número de control de estantería F-3462
Holdings
Estatus retirado Estado de pérdida Estado de daño No para préstamo Biblioteca de origen Biblioteca actual Ubicación en estantería Fecha de adquisición Fuente de adquisición Total de préstamos Signatura topográfica completa Código de barras Visto por última vez Precio de reemplazo Tipo de ítem Koha
        Biblioteca del Ateneo de Madrid Biblioteca del Ateneo de Madrid Depósito 2 17/01/2008     F-3462 1025634 23/02/2023 23/02/2023 Libro impreso